000 00782nam a2200253Ia 4500
003 OSt
005 20221005093119.0
006 a|||||r|||| 00| 0
007 ta
008 221004b |||||||| |||| 00| 0 eng d
020 _a9780446580403 (hbk)
_c995
024 _a102671
037 _b148, 20/02/2010, Standard Book House
_cTextual
040 _aCRL
_cCRL
_beng
041 _2eng
_aeng
082 _aV1,8:3(S:44), P7
100 _aMcCain John
_9618106
245 0 _aHard call
_b Great decisions and the extraordinary people who made them
260 _aNew York
_bTwelve USA
_c2007
300 _axv,456p.
_ccm.
650 _aHISTORY
942 _hV1,8:3(S:44), P7
_cTEXL
_2cc
999 _c999846
_d999846